Central Library OPAC University of Rajshahi

The world employment programme : (Record no. 43775)

MARC details
000 -LEADER
fixed length control field 00912nam a2200265 a 4500
001 - CONTROL NUMBER
control field 43775
003 - CONTROL NUMBER IDENTIFIER
rucl marc code BD-RjUL
005 - DATE AND TIME OF LATEST TRANSACTION
control field 20211209053742.0
008 - FIXED-LENGTH DATA ELEMENTS--GENERAL INFORMATION
fixed length control field 160627s1959 nyua 000 0 eng d
035 ## - SYSTEM CONTROL NUMBER
System control number (BD-RjUL)43893
040 ## - CATALOGING SOURCE
Original cataloging agency CSU
Transcribing agency CSU
Modifying agency OCL
-- OCLCQ
-- BAKER
-- BD-RjUL
Language of cataloging eng
041 ## - LANGUAGE CODE
Language code of text/sound track or separate title eng
082 ## - DEWEY DECIMAL CLASSIFICATION NUMBER
Classification number 331.11091724
Author mark and year WOR 1969
090 ## - LOCALLY ASSIGNED LC-TYPE CALL NUMBER (OCLC); LOCAL CALL NUMBER (OCLC)
Classification number (OCLC) (R) ; Classification number, CALL (RLIN) (NR) H11
Local cutter number (OCLC) ; Book number/undivided call number, CALL (RLIN) .N2432 no.68
092 ## - LOCALLY ASSIGNED DEWEY CALL NUMBER (OCLC)
Item number N2772o, v.66-70
245 14 - TITLE STATEMENT
Title The world employment programme :
260 ## - PUBLICATION, DISTRIBUTION, ETC. (IMPRINT)
Place of publication, distribution, etc. Geneva :
Name of publisher, distributor, etc. International labour office,
Date of publication, distribution, etc. 1969
300 ## - PHYSICAL DESCRIPTION
Pagination [4], 151 p. :
Illustrations ill. ;
Size 23 cm.
490 1# - SERIES STATEMENT
Series statement International labour conference fifty-third session, geneva 1969
500 ## - GENERAL NOTE
General note report of the director-general / Part 1
650 #0 - SUBJECT ADDED ENTRY--TOPICAL TERM
Topical term or geographic name as entry element World Employment Programme.
9 (RLIN) 134554
Topical term or geographic name as entry element Manpower policy
9 (RLIN) 134555
General subdivision Developing countries.
830 #0 - SERIES ADDED ENTRY--UNIFORM TITLE
Uniform title International labour conference fifty-third session, geneva 1969
942 ## - ADDED ENTRY ELEMENTS (KOHA)
Source of classification or shelving scheme Dewey Decimal Classification
Koha item type Books
Holdings
Lost status Source of classification or shelving scheme Damaged status Not for loan Collection code Permanent Location Current Location Shelving location Date acquired Source of acquisition Cost, normal purchase price Total Checkouts Full call number Date last seen Copy number Koha item type
  Dewey Decimal Classification     Non-fiction Central Library, University of Rajshahi Central Library, University of Rajshahi   10/04/1970 Zeitlinger 7.50   331.11091724 WOR 1969 27/06/2016 C-2 Books